000 00844nam a2200253Ia 4500
003 OSt
005 20220923212828.0
006 a|||||r|||| 00| 0
007 ta
008 220922b |||||||| |||| 00| 0 hin d
024 _a156,173
037 _cTextual
040 _aARTS
_cARTS
_bhin
041 _2hin
_ahin
082 _aO152:f, L3
100 _aगुप्त, प्रेम स्वरूप
245 0 _aहिन्दी अनुसंधान विवरणिका
246 _aHindī anusandhān vivaraṇikā
260 _aझांसी
_b सेतु प्रकाशन
_c1973
300 _a328 पृ.
_ccm.
650 _aहिन्दी साहित्य
_9156264
942 _hO152:f, L3
_cTEXL
_2CC
999 _c311494
_d311494